000 01285cam a22002054a 4500
005 20250605164055.0
008 250528s ||||||||||||||||||||||||d
035 _a17419
020 _a194329380
040 _aGR-AtMCL
_bgre
_dGR-AtMCL
_eAACR2
245 1 _aA Basic English Grammar with Exercises / Student's Self-study Edition
260 _bOxford University Press,
_c1988
300 _a240
520 _aA complete grammar reference and practice book for elementary and intermediate students. Introduction, Key to Phonetic Symbols, Glossary, A Basic English Grammar with Exercises, Word Order, Verbs: Talking about the Present, Verbs: Talking about the Past, Verbs: Talking about the Future, Verbs: Be and Have and Do, The Imperative and Let's, Modal Verbs, Negatives and Questions and Tags, Replacing Words and Leaving Out Words, The Passive, If-Clauses, Reported Speech, Tense in Sub Clauses, The Infinitive, The -ing Form, Nouns, The Articles: A/ An and The, Pronouns and Quantifiers, Question Words, Relative Clauses, Adjectives, Adverbs, Prepositions, Verbs with Adverbs and Prepositions, Conjuction and Other Linking Words, Emphasis, Index, Key.
700 1 _aEastwood John
_93573
700 1 _aMackin Ronald
_93574
942 _cBK
999 _c2840
_d2840